000 00260nam a2200097Ia 4500
001 1165433
005 20250827011740.0
008 250824s9999 xx 000 0 und d
245 0 _aUZAYIN DERİN KARANLIĞI
_cBARIŞ TOPRAK
260 _bFİHRİST KİTAP YAYINLARI
999 _c1165433
_d1165433